125 mammifères - Statistiques

Statistiques générales
  • Ce quiz a été pris 935 fois
  • Le résultat moyen est 66 sur 125
Statistiques - réponses
Par images Réponse % Correct
Éléphant de savane d'Afrique
100%
Bison d'Amérique du Nord
93%
Hérisson commun
89%
Chameau de Bactriane
85%
Lapin de garenne
83%
Raton laveur commun
83%
Ours blanc
82%
Renard roux
82%
Hippopotame commun
80%
Panda géant
80%
Zèbre des plaines
80%
Dromadaire
79%
Gorille de l'Ouest
79%
Léopard
78%
Rhinoceros noir
77%
Girafe Masaï
76%
Mouton domestique
76%
Tigre du Bengale
76%
Chèvre domestique
75%
Épaulard
75%
Panda roux
75%
Paresseux tridactyle
75%
Airedale terrier
74%
Buffle du Cap
74%
Chauve-souris géante d'Inde
74%
Grand dauphin
74%
Humain
74%
Lama
74%
Lion de mer de Californie
74%
Porc domestique
73%
Vache Holstein
73%
Écureuil roux
72%
Loup gris commun
72%
Âne commun
71%
Lièvre arctique
71%
Phacochère commun
71%
Chat siamois
70%
Guépard
70%
Hyène tachetée
70%
Tamanoir
70%
Cerf élaphe
69%
Hamster doré
69%
Koala
69%
Morse
69%
Sanglier d'Europe
68%
Panthère des neiges
67%
Puma d'Amérique du Nord
67%
Blaireau européen
66%
Grizzli
66%
Kangourou géant
66%
Loutre d'Europe
66%
Lynx
66%
Suricate
65%
Baleine à bosse
64%
Gazelle leptocère
63%
Alpaga
62%
Cheval de Przewalski
62%
Marmotte des Alpes
62%
Renne
62%
Orang-outan de Bornéo
60%
Chevreuil européen
58%
Chimpanzé bonobo
57%
Élan
57%
Rat brun
56%
Taupe à queue glabre
56%
Béluga
55%
Tapir de Malaisie
55%
Babouin hamadryas
52%
Jaguar
52%
Tatou à neuf bandes
52%
Ornithorynque
50%
Souris grise
49%
Cochon d'Inde
48%
Gnou bleu
48%
Ours noir d'Asie
48%
Chinchilla à queue courte
47%
Yak domestique
47%
Bouquetin des Alpes
46%
Diable de Tasmanie
46%
Okapi
45%
Lamantin
44%
Lycaon
44%
Baleine bleue
43%
Chamois
43%
Daim européen
43%
Pangolin à longue queue
41%
Capybara
39%
Castor du Canada
39%
Nasique
38%
Coyote
36%
Dingo
36%
Babouin olive
35%
Chacal doré
35%
Opossum de Virginie
33%
Porc-épic d'Amérique
33%
Chien de prairie
32%
Ragondin
32%
Wombat commun
32%
Musaraigne des jardins
31%
Furet
30%
Serval
30%
Vison d'Amérique
30%
Macaque à bonnet
29%
Mouflon corse
27%
Ocelot
27%
Marsouin commun
26%
Wallaby à cou rouge
26%
Zébu
26%
Dugong
25%
Mouffette rayée
24%
Aye-aye
23%
Échidné à nez court
23%
Éléphant de mer du sud
19%
Antilope noire
18%
Caracal
18%
Martre d'Amérique
17%
Oryctérope du Cap
17%
Hurleur brun
16%
Capucin brun
12%
Mangouste jaune
12%
Chien viverrin
10%
Grand koudou
10%
Tamia rayé
7%
Civette africaine
6%
Otarie de Kerguelen
3%
Aucun quiz correspondant
Distribution des résultats
% des personnes avec chaque résultat
Percentile par nombre de réponses
Votre historique - résultats
Vous n’avez pas pris ce quiz